[Event "Moscow op-A"]
[Site "Moscow"]
[Date "2009.02.08"]
[Round "9"]
[White "Rychagov, Andrey"]
[Black "Moiseev, Gumar"]
[Result "1-0"]
[WhiteElo "2514"]
[BlackElo "2380"]
[PlyCount "53"]
[EventDate "2009.01.31"]
[EventType "swiss"]
[EventRounds "9"]
[EventCountry "RUS"]
[SourceTitle "EXT 2023"]
[Source "ChessBase"]
[SourceDate "2022.10.05"]
[SourceVersion "1"]
[SourceVersionDate "2022.10.05"]
[SourceQuality "1"]

1. d4 Nf6 2. c4 e6 3. Nc3 d5 4. Bg5 Nbd7 5. e3 c6 6. Nf3 Be7 7. Qc2 a6 8. a4 b6 9. Bd3 Bb7 10. 0-0 dxc4 11. Bxc4 c5 12. Qe2 0-0 13. Rfd1 h6 14. Bh4 Ne4 15. Nxe4 Bxe4 16. Bxe7 Qxe7 17. Bxa6 Bxf3 18. gxf3 cxd4 19. Bb5 Ne5 20. f4 Ng6 21. Rxd4 Rfc8 22. Rad1 Qf6 23. Bd3 Ra5 24. Be4 Rac5 25. Qd2 Nf8 26. b4 Rh5 27. Rd8 1-0

[Event "Moscow op-A"]
[Site "Moscow"]
[Date "2009.02.03"]
[Round "4"]
[White "Moiseev, Gumar"]
[Black "Yemelin, Vasily"]
[Result "0-1"]
[WhiteElo "2380"]
[BlackElo "2432"]
[PlyCount "60"]
[EventDate "2009.01.31"]
[EventType "swiss"]
[EventRounds "9"]
[EventCountry "RUS"]
[SourceTitle "EXT 2022"]
[Source "ChessBase"]
[SourceDate "2021.10.06"]
[SourceVersion "1"]
[SourceVersionDate "2021.10.06"]
[SourceQuality "1"]

1. e4 c5 2. Nf3 e6 3. c3 d5 4. exd5 Qxd5 5. d4 Nf6 6. Be2 Nc6 7. 0-0 cxd4 8. cxd4 Be7 9. Nc3 Qd8 10. Be3 0-0 11. Rc1 Nb4 12. Ne5 Bd7 13. Bf3 Bc6 14. Nxc6 bxc6 15. Qa4 Rb8 16. Rcd1 Nbd5 17. Bc1 Qb6 18. a3 Rfd8 19. Qc2 Nxc3 20. bxc3 c5 21. Bf4 Bd6 22. Rb1 Qc7 23. Rxb8 Rxb8 24. Bxd6 Qxd6 25. dxc5 Qxc5 26. Qa4 Rb2 27. h3 g5 28. c4 Kg7 29. Qa6 Rc2 30. Qb5 Rxc4 0-1

[Event "Moscow op-A"]
[Site "Moscow"]
[Date "2009.02.01"]
[Round "2"]
[White "Moiseev, Gumar"]
[Black "Denisov, Ivan"]
[Result "1-0"]
[WhiteElo "2380"]
[BlackElo "2340"]
[PlyCount "107"]
[EventDate "2009.01.31"]
[EventType "swiss"]
[EventRounds "9"]
[EventCountry "RUS"]
[SourceTitle "EXT 2022"]
[Source "ChessBase"]
[SourceDate "2021.10.06"]
[SourceVersion "1"]
[SourceVersionDate "2021.10.06"]
[SourceQuality "1"]

1. e4 c5 2. Nf3 d6 3. Bb5+ Bd7 4. Bxd7+ Qxd7 5. 0-0 Nc6 6. Re1 g6 7. c3 Bg7 8. d4 Nf6 9. dxc5 dxc5 10. Qe2 e5 11. Na3 0-0 12. Bg5 Qe6 13. Qc4 Qe7 14. Nc2 a6 15. Ne3 b5 16. Qe2 Qb7 17. Bxf6 Bxf6 18. Nd5 Bg7 19. Qe3 c4 20. h4 Ne7 21. Rad1 Rfd8 22. Qb6 Qxb6 23. Nxb6 Rxd1 24. Rxd1 Re8 25. Rd7 Nc6 26. Nd5 Rc8 27. Ng5 Rf8 28. Rc7 Nb8 29. a4 bxa4 30. Rxc4 h6 31. Nf3 Nd7 32. Rxa4 Nc5 33. Rc4 Nd3 34. b4 Ra8 35. Nb6 Ra7 36. Na4 f5 37. Rc6 Kf7 38. Nd2 Bf6 39. h5 Kg7 40. hxg6 Kxg6 41. Nc4 fxe4 42. Nd6 Kh7 43. Nxe4 Be7 44. g3 Kg7 45. Kf1 h5 46. Ke2 Nxb4 47. cxb4 Bxb4 48. Re6 Be7 49. Nd6 Bxd6 50. Rxd6 Rb7 51. Rxa6 Rb4 52. Nc5 h4 53. gxh4 Rxh4 54. Re6 1-0